|
|
|
|
| LEADER |
00818nam a22002657a 4500 |
| 003 |
OSt |
| 020 |
|
|
|a 9788120335868
|
| 082 |
|
|
|a 631.45
|b GHA/HY
|
| 100 |
|
|
|a Ghanshyam Das
|
| 245 |
|
|
|a Hydrology and soil conservation engineering including watershed management
|
| 250 |
|
|
|a 2
|
| 260 |
|
|
|a New Delhi
|b PHI Learning Private Limited
|c 2016
|
| 300 |
|
|
|a xii, 539p.
|
| 546 |
|
|
|a English
|
| 650 |
|
|
|a Precipitation
|
| 650 |
|
|
|a Abstraction losses
|
| 650 |
|
|
|a Stream flow
|
| 650 |
|
|
|a Runoff
|
| 650 |
|
|
|a Hydrographs
|
| 650 |
|
|
|a Flood routing
|
| 650 |
|
|
|a Time series analysis
|
| 650 |
|
|
|a Soil erosion
|
| 942 |
|
|
|2 ddc
|c BK
|
| 999 |
|
|
|c 163993
|d 163993
|
| 952 |
|
|
|0 0
|1 0
|2 ddc
|4 0
|6 631_450000000000000_GHAHY
|7 0
|8 Gen
|9 163321
|a KAUCLV
|b KAUCLV
|c GENERAL
|d 2019-05-07
|g 425.00
|o 631.45 GHA/HY
|p 228695
|r 2019-05-07
|w 2019-05-07
|y BK
|